| 000 | 00944cam a22002411 4500 | ||
|---|---|---|---|
| 001 | gs 14000669 | ||
| 003 | DLC | ||
| 005 | 20260227111316.0 | ||
| 008 | 860611s1857 pau 000 0 eng c | ||
| 010 | _ags 14000669 | ||
| 035 | _a(OCoLC)13716259 | ||
| 040 |
_aU.S.Geol.survey. Library _cPHi _dDLC |
||
| 042 | _apremarc | ||
| 050 | 0 | 0 |
_aBS657.M5 _bF6 |
| 100 | 1 | _aFoulke, William Parker. | |
| 245 | 1 | 0 | _aNotice of some remarks by the late Mr. Hugh Miller. |
| 260 |
_aPhiladelphia, _c1857. |
||
| 300 |
_a19 p. _c23 cm. |
||
| 500 | _aCover title. | ||
| 500 | _aTwo extracts from "The testimony of the rocks", followed by comments, the latter reprinted from the Proceedings of the Academy of Natural Sciences of Philadelphia, vol. VII, May 9, 1854 and vol. IX, May 5, 1857, and Proceedings of the American Philosophical Society, vol. VI, May 1, 1857. | ||
| 600 | 1 | 0 |
_aMiller, Hugh, _d1802-1856. _tTestimony of the rocks. |
| 650 | 0 | _aGeology. | |
| 999 |
_c25405 _d25405 |
||